Profesores para el siglo XXI
Saved in:
| Format: | Bog |
|---|---|
| Sprog: | spansk |
| Udgivet: |
Santiago
Ministerio de Educación
1999
|
| Fag: | |
| Tags: |
Tilføj Tag
Ingen Tags, Vær først til at tagge denne postø!
|
MARC
| LEADER | 00000nam a2200000 a 4500 | ||
|---|---|---|---|
| 001 | UCP3653 | ||
| 003 | CL-VaPUC | ||
| 008 | 990702e19990000CL |||||||||||||||||spa|d | ||
| 082 | 0 | 4 | |a 370.71 |b MIN |2 21 |
| 245 | 1 | 0 | |a Profesores para el siglo XXI |
| 300 | |a 37 p | ||
| 942 | |c BK | ||
| 945 | |d 19990702 00:00:00 |a vberengu | ||
| 260 | |a Santiago |b Ministerio de Educación |c 1999 | ||
| 650 | 7 | |a DOCENCIA |2 CL-VaPUC |9 431051 | |
| 650 | 0 | |a Formación profesional de profesores |9 307493 | |
| 650 | 0 | |a Reforma educacional |9 256319 | |
| 650 | 0 | |a Educación superior |9 223851 | |
| 583 | |a last modification |c 19990702 00:00:00 |k Rodrigo Vera | ||
| 999 | |c 281914 |d 281912 | ||
| 952 | |0 0 |1 0 |4 0 |6 370_710000000000000_MIN_1999 |7 0 |8 A |9 323065 |a BIBEDU |b BIBEDU |c ES_NOD |d 2019-11-20 |i 3530612 |o 370.71 MIN 1999 |p 3530612 |r 2023-08-09 |w 2019-11-20 |y BK |k BME | ||
| 952 | |0 0 |1 0 |4 0 |6 370_710000000000000_MIN_1999 |7 0 |8 A |9 323066 |a BIBEDU |b BIBEDU |c ES_NOD |d 2019-11-20 |i 3814858 |o 370.71 MIN 1999 |p 3814858 |r 2023-08-09 |w 2019-11-20 |y BK |k BME | ||